<?xml version="1.0" encoding="UTF-8"?>
<record
    xmlns:xsi="http://www.w3.org/2001/XMLSchema-instance"
    xsi:schemaLocation="http://www.loc.gov/MARC21/slim http://www.loc.gov/standards/marcxml/schema/MARC21slim.xsd"
    xmlns="http://www.loc.gov/MARC21/slim">

  <leader>00498nam a22001817a 4500</leader>
  <controlfield tag="005">20260310165739.0</controlfield>
  <controlfield tag="008">260310b        |||||||| |||| 00| 0 eng d</controlfield>
  <datafield tag="020" ind1=" " ind2=" ">
    <subfield code="a">978-93-89802-55-9</subfield>
  </datafield>
  <datafield tag="041" ind1=" " ind2=" ">
    <subfield code="a">eng</subfield>
  </datafield>
  <datafield tag="082" ind1=" " ind2=" ">
    <subfield code="a">001.42 KOT-R</subfield>
  </datafield>
  <datafield tag="100" ind1=" " ind2=" ">
    <subfield code="a">KOTHARI, C R AND GARG, GAURAV </subfield>
    <subfield code="9">8895</subfield>
  </datafield>
  <datafield tag="245" ind1=" " ind2=" ">
    <subfield code="a">RESEARCH METHODOLOGY  METHODS AND TECHNIQUES </subfield>
  </datafield>
  <datafield tag="250" ind1=" " ind2=" ">
    <subfield code="a">5TH ED. 2024</subfield>
  </datafield>
  <datafield tag="260" ind1=" " ind2=" ">
    <subfield code="a">NEW DELHI</subfield>
    <subfield code="b">NEW AGE INTERNATIONAL LIMITED PUBLISHERS </subfield>
    <subfield code="c">2024</subfield>
  </datafield>
  <datafield tag="300" ind1=" " ind2=" ">
    <subfield code="a">464;P</subfield>
  </datafield>
  <datafield tag="650" ind1=" " ind2=" ">
    <subfield code="a">LAW</subfield>
  </datafield>
  <datafield tag="942" ind1=" " ind2=" ">
    <subfield code="c">BK</subfield>
  </datafield>
  <datafield tag="999" ind1=" " ind2=" ">
    <subfield code="c">9078</subfield>
    <subfield code="d">9076</subfield>
  </datafield>
  <datafield tag="952" ind1=" " ind2=" ">
    <subfield code="0">0</subfield>
    <subfield code="1">0</subfield>
    <subfield code="4">0</subfield>
    <subfield code="7">0</subfield>
    <subfield code="8">LAW</subfield>
    <subfield code="a">JRU</subfield>
    <subfield code="b">JRU</subfield>
    <subfield code="c">NEW ARRIVAL SHELF</subfield>
    <subfield code="d">2026-03-09</subfield>
    <subfield code="e">PURCHASE</subfield>
    <subfield code="g">499.00</subfield>
    <subfield code="h">LBI/000882 DATE-06/03/2026</subfield>
    <subfield code="l">0</subfield>
    <subfield code="o">001.42 KOT-R</subfield>
    <subfield code="p">29363</subfield>
    <subfield code="r">2026-03-10 09:39:16</subfield>
    <subfield code="w">2026-03-10</subfield>
    <subfield code="y">BK</subfield>
  </datafield>
  <datafield tag="952" ind1=" " ind2=" ">
    <subfield code="0">0</subfield>
    <subfield code="1">0</subfield>
    <subfield code="4">0</subfield>
    <subfield code="7">0</subfield>
    <subfield code="8">LAW</subfield>
    <subfield code="a">JRU</subfield>
    <subfield code="b">JRU</subfield>
    <subfield code="c">NEW ARRIVAL SHELF</subfield>
    <subfield code="d">2026-03-09</subfield>
    <subfield code="e">PURCHASE</subfield>
    <subfield code="g">499.00</subfield>
    <subfield code="h">LBI/000882 DATE-06/03/2026</subfield>
    <subfield code="l">0</subfield>
    <subfield code="o">001.42 KOT-R</subfield>
    <subfield code="p">29364</subfield>
    <subfield code="r">2026-03-10 09:39:16</subfield>
    <subfield code="w">2026-03-10</subfield>
    <subfield code="y">BK</subfield>
  </datafield>
</record>
